| 000 | 00355pam a2200157a 44500 | ||
|---|---|---|---|
| 008 | 230515b1901 xxu||||| |||| 00| 0 eng d | ||
| 020 | _a0 | ||
| 041 | _aENGLISH | ||
| 082 | _a612/MAR | ||
| 100 | _aMARIANO S.H./FIORE/VICTOR P. | ||
| 245 | _aATLAS OF NORMAL HISTOLOGY | ||
| 250 | _a6 | ||
| 260 |
_aNULL _bN.D. _c1901 |
||
| 300 | _a462 | ||
| 650 | _aN.D. | ||
| 999 |
_c488160 _d488160 |
||